Visual Database Systems 4 : IFIP TC2 / WG2.6 Fourth Working Conference on Visual Database Systems 4 (VDB4) 27.29 May 1998, L.Aquila, Italy /

Gespeichert in:
Bibliographische Detailangaben
1. Verfasser: Yannis Ioannidis, Wolfgang Klas (edición)
Format: Buch
Sprache:Englisch
Veröffentlicht: Nueva York, EUA : Springer, 1998, c1998
Schriftenreihe:(IFIP Advances in Information and Communication Technology)
Online-Zugang:Ver documento en línea
Tags: Tag hinzufügen
Keine Tags, Fügen Sie das erste Tag hinzu!

MARC

LEADER 00000nam^a22000000a04500
001 000597858
009 20260414115121.258
020 |a 978-0-387-35372-2 
022 |a 1868-422X 
037 |a Acervo ITESO - Biblioteca 
041 |a ING 
082 |a Libro en línea 
100 |a Yannis Ioannidis, Wolfgang Klas  |e (edición) 
245 |a Visual Database Systems 4 :  |b IFIP TC2 / WG2.6 Fourth Working Conference on Visual Database Systems 4 (VDB4) 27.29 May 1998, L.Aquila, Italy / 
264 4 |a Nueva York, EUA :  |b Springer,  |c 1998, c1998 
264 2 |a Cham, Suiza :  |b Springer Link [distribución],  |c 2025 
300 |a 1 libro electrónico en línea (XIV, 380 p.) 
300 |a 1 recurso en línea 
336 |a datos para computadora  |b cod  |2 rdacontenido 
337 |a computadora  |b c  |2 rdamedio 
338 |a recurso en línea  |b cr  |2 rdasoporte 
440 |a (IFIP Advances in Information and Communication Technology) 
506 0 |a Licencias ilimitadas 
567 |a Catalogación rápida 
649 |a XX 
856 4 0 |u https://link-springer-com.ezproxy.iteso.mx/10.1007/978-0-387-35372-2  |y Ver documento en línea 
910 |a Fondo General 
920 |a Electrónicos - Libros en Línea 
930 |a Plataforma Digital 
905 |a 205 
902 |a https://opac.biblio.iteso.mx/vufind/Record/000597858